000 00655cam a2200193 4500
001 WB3610-04
008 000000n2000 000 0 eng u
035 _a(Sirsi) u104681
245 _aCowboy builders
260 _c2000
490 _aTimes
_v8 March 2000, 6(1)
520 _aA new internet site, www.hi-revolution.com, has been launched to provide consumers with details of reputable contractors whose background has been vetted using credit checks and inspections by the Fair Trades Advisory Bureau.
590 _aWB
650 _aCOWBOY BUILDERS
650 _aINTERNET
650 _aCONTRACTORS
690 _aBUILT ENVIRONMENT
942 _n0
999 _c62809
_d62809